Quizzes
Events
Quiz Creation
Community
Videos
Private Events
Remove Ads
Sign In
Join for FREE
Feedback
Dark Mode
Quiz Categories
Sports
Geography
Music
Movies
Television
Just For Fun
Miscellaneous
History
Literature
Language
Science
Gaming
Entertainment
Religion
Holiday
For Kids
Quiz Lab
Recent
Popular Today
Quiz Kudos Today
Editor Picks
Curator Picks
Quizzes by...
Day
Popularity
Type
Ratings
Length
Year
Community
Subscriptions
Recent Discussions
Orange Saloon
Badges
Playlists
Quests
Create
Leaderboards
Showdown
Live 5
Trivia Bingo
Activity
Puzzle Library
Sporcle Events
Private Events
Virtual Trivia
Globe League
Become a Host
Pub Owners
SporcleCon
Opinionation
Our Games
Videos
Blog
Mobile Apps
Partnerships
Remove Ads and Go Orange
Feedback
Science
Computer
Plants
Astronomy
Chemistry
Elements
Math
Animal
Physics
Anatomy
Biology
Geology
General Science
Science
Computer
Plants
Astronomy
Chemistry
Elements
Math
Animal
Physics
Anatomy
Biology
Geology
General Science
Random Quiz
Search Sporcle
×
Quiz Lab
Quiz Lab
Science
Math
Type in answers that appear in a list
Type in answers that appear in a list
Classic
Best Score? Go Orange.
2 Minute Math Speed Quiz Stats
Can you name the answers to the speed quiz?
By
untitled173
2m
70 Questions
6,939 Plays
6,939 Plays
6,939 Plays
Comments
Comments
Give Quiz Kudos
Give Quiz Kudos
-
- Ratings
hide this ad
Forced Order
Answers have to be entered in order
Answers have to be entered in order
Random Order
Randomize order of answers
Randomize order of answers
Replay
Link that replays current quiz
Next Quiz
Link to next quiz in quiz playlist
You Got
0%
They Got
Avg Score
62%
Avg Friend Score
Upgrade to see
Score Distribution
Jump to the score distribution portion of the page
Score
0/70
Timer
02:00
0
Plays Today
Question
Answer
% Correct
10-
7
3
64.5%
0+6
6
64.4%
0+2
2
64.3%
2+8
10
64.3%
2+5
7
64.1%
7+2
9
64.1%
9+9
18
64.1%
4*0
0
64%
4-
2
2
64%
0+0
0
64%
1+9
10
64%
7+9
16
63.9%
0+1
1
63.9%
2+4
6
63.9%
3+6
9
63.9%
4+2
6
63.8%
1+5
6
63.8%
4*6
24
63.8%
3+1
4
63.7%
4-
1
3
63.7%
4+9
13
63.6%
14/
2
7
63.6%
16-
8
8
63.5%
3*2
6
63.5%
9-
2
7
63.5%
3*7
21
63.3%
9*5
45
63.3%
3+8
11
63.2%
5*2
10
63.2%
0+9
9
63.2%
5+8
13
63.1%
11*7
77
63%
9*0
0
63%
4*1
4
62.9%
4*7
28
62.9%
Question
Answer
% Correct
3*5
15
62.9%
12-
9
3
62.7%
45/
5
9
62.7%
25/
5
5
62.7%
5*8
40
62.6%
15/
5
3
62.5%
56/
7
8
62.5%
12*12
144
62.5%
28/
7
4
62.5%
64/
8
8
62.4%
2*8*1
16
62.4%
18/
3
6
62.2%
15*3
45
62.1%
19-
6
13
62.1%
70/
7
10
62%
144/
12
12
62%
28/
2
14
62%
24/
8
3
61.8%
27/
9
3
61.8%
9*6
54
61.8%
56/
8
7
61.6%
9+4+12
25
61.4%
13+18
31
61.3%
12*6
72
60.7%
19+14
33
60.5%
63/
3
21
60.3%
150/
30
5
60%
10+13+19
42
59.9%
15*5
75
59.7%
79-
48
31
58.7%
19+14+16
49
57.9%
42-
18
24
57.2%
51/
3
17
57%
15*9
135
56.8%
13*9
117
55.8%
Quiz Playlist
Details
Report
Send in Message
Add To Playlist
Classic:
Type in answers that appear in a list
Forced Order:
Answers have to be entered in order
Random Order:
Randomize order of answers
Last Updated: Feb 16, 2017
Quiz Scoreboard
CHALLENGE
Sign Up to Join the Scoreboard
Show All
Scores
Hide
Comments
May contain spoilers
Recently Published
College Basketball Coaching Resumes
by pancakes188
Sports
9m
Billboard Blitz: Fleetwood Mac
by CooCooCachoo
Music
15s
Presidents Visiting Landmarks
by Hejman
History
7m
More to Explore
Quiz From the Vault
Featured Blog Post
Where Did the Easter Bunny Come From?
hide this ad
You Might Also Like...
Tags
Math Quiz
minute
Speed
Today's Top Quizzes in Science
Browse Science
hide this ad
Today's Top Quizzes in Math
Browse Math
Top Contributed Quizzes in Science
1
Quick Pick: Radians
2
Quick Pick: 'CI-CJ' Animals
3
The First 100 Digits of Pi
4
Elements In Images
5
One Thing in Common: Science
6
Science Jokes
7
One Thing in Common: Science II
8
Name the Acid, Base or Salt
9
One Thing in Common: Animals
10
One Thing in Common: Science III
Explore More
Trending Topics
Anime
Disney
Marvel
Kpop
Harry Potter
Crossword
NBA
WWE
Soccer
Puzzle
NFL
Pokémon
Country
The Office
Song
hide this ad
More By:
untitled173
Quiz
Plays
Rating
Category
Featured
Created
Force Order Logic Quiz
12,345
3.94
Just For Fun
Jun 5, 2013
Force Order Logic Quiz 2
9,813
4.55
Just For Fun
Dec 24, 2013
2 Minute Math Speed Quiz
6,939
3.44
Science
May 30, 2013
Mash The Keyboard Buttons In 1 Minute
1,732
4.67
Just For Fun
Jun 5, 2013
Countries Containing 'QXZ' -Speed Run
204
4.71
Geography
Jun 4, 2013
Go to Creator's Profile
Score Distribution
Quiz Creator Spotlight
untitled173
Follow
Send a Message
Quizzes Created
-
Created Quiz Play Count
-
More By This Creator
Popular Quizzes Today
1
Find the US States - No Outlines Minefield
2
Find the Countries of Europe - No Outlines Minefield
3
The Countries of the World
4
Find the US States
5
Risky Map Clicking: Biggest States A-Z
6
US States
7
Popular People in 1961
8
Movies - When Are They Set?
More Science Quizzes
Find the Honey Animals II
Quiz Lab
Trending Quizzes
Risky Map Clicking: Least Populous States A-Z
1-10 Letter G Words
1-10 Letter F Words
Risky Map Clicking: Next State Alphabetically
Adjectives in 80s TV Shows
Recently Updated
Leaping Animals
pecheneg
Reality TV Shows (A-Z)
bhenderson79
Rickey Henderson's Hall of Fame Teammates
pecheneg
Champions League XIs: Arsenal
pecheneg
Quick Pick: Celebrities in WWE's Hall of Fame
aduchscher
A-Z Keypad Blitz II
pecheneg
Multiple Oscar Actors
pecheneg
Mystery Phrase Blitz: Oscar 'Best Actors'
pecheneg
F. Scott Fitzgerald Novels
LTH
Pick 3 Villains
ddd62291
Trending Topics
NBA
Harry Potter
Disney
Crossword
Anime
Marvel
Kpop
The Office
Song
WWE
Soccer
Pokémon
Country
NFL
Puzzle
Your Account Isn't Verified!
In order to create a playlist on Sporcle, you need to verify the email address you used during registration. Go to your
Sporcle Settings
to finish the process.
Report this User
Report this user for behavior that violates our
Community Guidelines
.
Details:
Send Report
Go to the Sporcle.com Mobile Site →
Comments